Измерительный комплекс параметров окружающей среды; Современные техника и технологии; Т. 1

Бібліографічні деталі
Parent link:Современные техника и технологии: 14 Международная научно-практическая конференция студентов, аспирантов и молодых ученых, г. Томск, 24-28 марта 2008 г./ Томский политехнический университет (ТПУ).— , 2008
Т. 1.— 2008.— С. 131-132
Автор: Анищенко Ю. В. Юлия Владимировна
Інші автори: Емельянов Д. С. (научный руководитель), Гусельников М. Э., Стройнова В. Н.
Мова:Російська
Опубліковано: 2008
Предмети:
Формат: MixedMaterials Частина з книги
KOHA link:https://koha.lib.tpu.ru/cgi-bin/koha/opac-detail.pl?biblionumber=148208

MARC

LEADER 00000naa2a2200000 4500
001 148208
005 20231221125147.0
035 |a (RuTPU)RU\TPU\book\160662 
090 |a 148208 
100 |a 20081127d2008 k y0rusy50 ca 
101 0 |a rus 
102 |a RU 
200 1 |a Измерительный комплекс параметров окружающей среды  |f Ю. В. Анищенко, Д. С. Емельянов  |g науч. рук. М. Э. Гусельников ; науч. рук. В. Н. Стройнова 
320 |a Библиогр.: 3 назв. 
461 1 |0 (RuTPU)RU\TPU\book\156858  |t Современные техника и технологии  |o 14 Международная научно-практическая конференция студентов, аспирантов и молодых ученых, г. Томск, 24-28 марта 2008 г.  |o труды  |o в 3 т.  |f Томский политехнический университет (ТПУ)  |d 2008 
463 0 |0 (RuTPU)RU\TPU\book\155176  |t Т. 1  |v С. 131-132  |d 2008  |p 538 с. 
610 1 |a измерения 
610 1 |a измерительные комплексы 
610 1 |a загрязнения 
610 1 |a биосфера 
610 1 |a аттестация рабочих мест 
610 1 |a охрана труда 
610 1 |a условия труда 
610 1 |a измерительные лаборатории 
610 1 |a документация 
610 1 |a автоматизация 
610 1 |a труды учёных ТПУ 
700 1 |a Анищенко  |b Ю. В.  |c специалист в области экологии и безопасности жизнедеятельности  |c доцент Томского политехнического университета, кандидат технических наук  |f 1981-  |g Юлия Владимировна  |3 (RuTPU)RU\TPU\pers\26035  |9 11882 
701 1 |a Емельянов  |b Д. С. 
702 1 |a Гусельников  |b М. Э.  |4 727 
702 1 |a Стройнова  |b В. Н.  |4 727 
801 1 |a RU  |b 63413507  |c 20081127  |g PSBO 
801 2 |a RU  |b 63413507  |c 20151201  |g RCR 
942 |c BK